|
|
|
|
| LEADER |
00717nam a2200205Ia 4500 |
| 008 |
241007s9999||||xx |||||||||||||| ||und|| |
| 040 |
|
|
|a BIBLIOTECA-RURC/ 341.481 N124
|
| 041 |
|
|
|a spa
|
| 082 |
|
|
|a 341.481 N124
|
| 100 |
1 |
|
|a Naciones Unidas. Oficina del alto Comisionado para los derechos Humanos
|
| 100 |
1 |
|
|b Oficina del alto Comisionado para los derechos Humanos
|
| 245 |
1 |
0 |
|a Derechos de los pueblos indígenas y Afrodescendientes, instrumentos internacionales
|
| 260 |
|
|
|a Managua
|b ARDISA
|c 2009
|
| 300 |
|
|
|a 276 p. :il.
|
| 650 |
7 |
|
|a DERECHOS DE LOS PUEBLOS INDIGENAS
|
| 650 |
7 |
|
|b RACISMOS Y DISCRIMINACIÓN RACIAL
|
| 650 |
7 |
|
|c SITUACIÓN EN NICARAGUA.
|
| 942 |
|
|
|c BK
|2 ddc
|
| 991 |
|
|
|a TEXTO
|
| 999 |
|
|
|c 14300
|